Un país levantado en alegría : 20° aniversario del Premio Nobel de Literatura /
Gespeichert in:
| 1. Verfasser: | |
|---|---|
| Weitere Verfasser: | , , |
| Format: | Buch |
| Sprache: | Spanisch |
| Veröffentlicht: |
Barcelona, España :
Alfaguara,
2018, c2018
|
| Ausgabe: | Edición especial del 20° Aniversario del Premio Nobel de Literatura a José Saramago |
| Schlagworte: | |
| Tags: |
Keine Tags, Fügen Sie das erste Tag hinzu!
|
MARC
| LEADER | 00000nam^a2200000^a^4500 | ||
|---|---|---|---|
| 001 | 000410505 | ||
| 005 | 20250526000000.0 | ||
| 009 | 20260310122048.24 | ||
| 020 | |a 978-84-204-7973-6 | ||
| 037 | |a Acervo ITESO - Biblioteca | ||
| 041 | |a ESP | ||
| 082 | |a 869. |b SAR V. 2 | ||
| 100 | |a Viel, Ricardo |e (autor) | ||
| 245 | 1 | 3 | |a Un país levantado en alegría : |b 20° aniversario del Premio Nobel de Literatura / |c R. Viel ; pról. de E. Lourenço, S. Ramírez ; tr. por P. del Río. |
| 250 | |a Edición especial del 20° Aniversario del Premio Nobel de Literatura a José Saramago | ||
| 264 | 4 | |a Barcelona, España : |b Alfaguara, |c 2018, c2018 | |
| 300 | |a 222 p. ; |c 24.0 cm. (24.5 cm. caja) | ||
| 336 | |a texto |b txt |2 rdacontenido | ||
| 337 | |a sin mediación |b n |2 rdamedio | ||
| 338 | |a volumen |b nc |2 rdasoporte | ||
| 500 | |a Traducción de: Um país levantado em alegria | ||
| 521 | |a FIL 2018 DIA | ||
| 545 | 0 | |a José Saramago (Azinhaga, Portugal, 1922 – Lanzarote, España, 2010), escritor portugués, considerado uno de los narradores más relevantes de fines del siglo XX e inicios del XXI. Fue periodista y miembro del Partido Comunista Portugués (PCP), sufrió censura y persecución durante los años de la dictadura militar de António de Oliveira Salazar y se sumó a la llamada Revolución de los Claveles que llevó la democracia a Portugal en 1974. Su obra, anclada en la realidad de su país, trasciende al mismo para ofrecer por medio de la ironía y la ficción una conciencia social. La novela Tierra de pecado (1947) marcó el inicio de su carrera literaria, que la abandonó hasta publicar Manual de pintura y caligrafía (1977), aunque poco antes ya había reunido más de un centenar de sus crónicas en los volúmenes De este mundo y del otro (1971) y El equipaje del viajero (1973). Levantado del suelo (1980); Memorial del convento (1982); El año de la muerte de Ricardo Reis (1984); El Evangelio según Jesucristo (1991), cuya publicación causó polémica en los sectores católicos y en el gobierno portugués; Ensayo sobre la ceguera (1995), quizás su creación más difundida y celebrada; La caverna (2000); El hombre duplicado (2002); Ensayo sobre la lucidez (2004); El viaje del elefante (2008) y Caín (2009), se cuentan entre sus novelas. Recibió los premios Camões (1995), el más importante en lengua portuguesa, y Nobel de Literatura (1998). | |
| 586 | |a Premio Camões 1995: Biografías, crítica e interpretación | ||
| 586 | |a Premio Nobel de Literatura 1998: Biografías, crítica e interpretación | ||
| 591 | |a Obra contenida en una caja (2 volúmenes) | ||
| 649 | |a XX | ||
| 650 | |a Escritores Portugueses - |x Discursos | ||
| 650 | |a Escritores Portugueses - |x Biografías | ||
| 650 | |a Premios Nobel Portugueses - |x Discursos | ||
| 650 | |a Discursos Portugueses (Oratoria) | ||
| 650 | |a Oratoria - |z Portugal | ||
| 650 | |a Crónicas Brasileñas | ||
| 650 | |a Literatura y Periodismo - |z Brasil | ||
| 650 | |a Literatura Portuguesa - |x Historia y Crítica | ||
| 650 | |a Literatura Portuguesa - |y Siglo XX | ||
| 650 | |a Literatura Brasileña - |y Siglo XXI | ||
| 650 | |a Saramago, José - |x Tema Principal | ||
| 700 | |a Lourenço, Eduardo |e (prólogo) | ||
| 700 | |a Ramírez, Sergio |e (prólogo) | ||
| 700 | |a Río, Pilar del |e (traducción) | ||
| 910 | |a Fondo General | ||
| 920 | |a Impresos - Libros | ||
| 930 | |a Libros Antiguos y Raros | ||
| 940 | |a Literatura | ||
| 905 | |a 108 | ||
| 901 | |a 0500312094 |b IT2 |c LRA |i C163220 |u 20250526 | ||
| 902 | |a https://opac.biblio.iteso.mx/vufind/Record/000410505 | ||